Sporty Celebrities Quiz Stats

Quiz Updated Apr 30, 2016

Challenge
Share
Tweet
Score 0/20 Timer 05:00
0 Plays Today
% Correct
Barack Obama and David Cameron
97.6%
Justin Bieber
95%
Jim Carrey
92.9%
Tom Cruise
89.7%
Ellen DeGeneres
86.6%
Bill Murray
85.7%
Jay Z
84.2%
Snoop Dogg
84%
Will Ferrell
83.8%
Catherine, Duchess of Cambridge
81.3%
% Correct
Ben Stiller
79.7%
Justin Timberlake
79.1%
Emma Watson
76.6%
Mark Wahlberg
65.7%
Sarah Silverman and Jesse Williams
56.1%
Chris Pratt
55.3%
Gov. Chris Christie
50.8%
Jack White
43.1%
Reese Witherspoon
25.5%
Miles Teller
23.8%

You're not logged in!

Compare scores with friends on all Sporcle quizzes.
Join for Free
OR
Log In

You Might Also Like...

Show Comments

Extras

Top Quizzes Today


Score Distribution

Your Account Isn't Verified!

In order to create a playlist on Sporcle, you need to verify the email address you used during registration. Go to your Sporcle Settings to finish the process.

Report this User

Report this user for behavior that violates our Community Guidelines.

Details: